Dinámica de la población animal / (Record no. 143748)

MARC details
000 -LEADER
campo de control de longitud fija 00706nam a2200217 4500
001 - NÚMERO DE CONTROL
campo de control 143748
003 - IDENTIFICADOR DE NÚMERO DE CONTROL
campo de control ES-MaACL
005 - FECHA Y HORA DE LA ÚLTIMA TRANSACCIÓN
campo de control 20231005112239.0
007 - CAMPO FIJO DE DESCRIPCIÓN FÍSICA--INFORMACIÓN GENERAL
campo de control de longitud fija t|
008 - DATOS DE LONGITUD FIJA--INFORMACIÓN GENERAL
campo de control de longitud fija 070214s1947 ag r ||||1| spa d
100 1# - ENTRADA PRINCIPAL--NOMBRE DE PERSONA
Nombre de persona Sévertzov, S. A.
9 (RLIN) 105927
245 10 - MENCIÓN DEL TÍTULO
Título Dinámica de la población animal /
Mención de responsabilidad, etc. S. A. Sévertzov ; [traducción directa del ruso por N. Caplan].
260 ## - PUBLICACIÓN, DISTRIBUCIÓN, ETC.
Lugar de publicación, distribución, etc. Buenos Aires :
Nombre del editor, distribuidor, etc. Lantaro,
Fecha de publicación, distribución, etc. 1947 (
Fabricante Macagno, Landa y Cia.)
300 ## - DESCRIPCIÓN FÍSICA
Extensión 539 p. :
Otras características físicas il. ;
Dimensiones 23 cm.
650 #4 - PUNTO DE ACCESO ADICIONAL DE MATERIA--TÉRMINO DE MATERIA
9 (RLIN) 12625
Término de materia o nombre geográfico como elemento de entrada Evolución
650 #4 - PUNTO DE ACCESO ADICIONAL DE MATERIA--TÉRMINO DE MATERIA
9 (RLIN) 12001
Término de materia o nombre geográfico como elemento de entrada Ecología animal
700 1# - ENTRADA AGREGADA--NOMBRE PERSONAL
Nombre de persona Caplan, N.
9 (RLIN) 34858
852 ## - LOCALIZACIÓN
Ubicación ES-MaACL
Sublocalización o colección R.25716
Número de control de estantería C-5410
Ubicación en estantería Sala Palomar
itemnumber 148939
942 ## - ELEMENTOS DE ENTRADA SECUNDARIOS (KOHA)
Fuente del sistema de clasificación o colocación Clasificación decimal universal
Tipo de ítem Koha Libro impreso
Holdings
Estatus retirado Estado de pérdida Fuente del sistema de clasificación o colocación Estado de daño No para préstamo Biblioteca de origen Biblioteca actual Ubicación en estantería Fecha de adquisición Total de préstamos Signatura topográfica completa Código de barras Visto por última vez Precio de reemplazo Tipo de ítem Koha
    Clasificación decimal universal     Biblioteca del Ateneo de Madrid Biblioteca del Ateneo de Madrid Sala Palomar 17/01/2008   C-5410 1149557 23/02/2023 23/02/2023 Libro impreso